000
00275nam a22001337a 4500
020
_a
0-7214-0892-3
082
_a
823
_b
GRA/S
100
_a
GRANT, JOHN
245
_a
MASTERS OF THE UNIVERSE
260
_a
UK
300
_a
43
650
_a
ENGLISH SHORT STORY
_z
UK
942
_c
BK
999
_c
4910
_d
4910